| 000 | 00658nam a2200217Ia 4500 | ||
|---|---|---|---|
| 005 | 20260429111947.0 | ||
| 008 | 260429s9999||||xx |||||||||||||| ||und|| | ||
| 020 | _a9781041144304 | ||
| 041 | _aEnglish | ||
| 082 |
_a808.0665 _bLAP |
||
| 100 | _aLaplante, Phillip A. | ||
| 245 | 0 |
_aTechnical writing : _ba practical guide for engineers, scientists, and nontechnical professionals / _cPhillip A. Laplante |
|
| 250 | _a2nd ed. | ||
| 260 |
_aBoca Raton : _bCRC Press, _c2018. |
||
| 300 | _axx, 279 p.; pbk | ||
| 440 | _aWhat every engineer should know | ||
| 650 | _a Engineers | ||
| 650 | _a Scientisits | ||
| 650 | _aTechnical writing | ||
| 942 | _cTB | ||
| 999 |
_c51634 _d51634 |
||